00585nam a22001695 450000100060000000300090000600500170001500700030003200800410003504000200007610000450009624501240014125000120026526000700027730000470034785200210039448688ES-MaACL20250907063042.0t|950728s1890 sp cf |||| | spa d aCAM bspa cCAM1 aDíaz y Pérez, Nicolás, d1841-190213aEl Plutarco extremeño b: libro de lectura para las escuelas de primera enseñanza / cpor Nicolás Diaz y Pérez. a1ª ed. aBadajoz : b[s.n.], c1890 (fTip. y Enc. La Minerva Extremeña) a240 p., [1] h. de lám., retr. ; c16 cm. aES-MaACLjD-2759